000 00510nam a2200181Ia 4500
005 20250508154458.0
008 008 250505s9999 xx 000 0 eng d
037 _aTextual
040 _aFEDL
_beng
_cFEDL
041 _aeng
_2eng
084 _a311, JOH
_qFEDL
100 _aJohnson Palmer O.
245 0 _aStatistical methods in research
260 _aEnglewood Cliffs, New Jersey, USA
_bPrentice - Hall
_c1961
300 _axvi,377p
942 _cTEXL
_h311, JOH
999 _c1350494
_d1350494